Las cortes y las leyes de Toro de 1505

Furkejuvvon:
Bibliográfalaš dieđut
Váldodahkki: González Alonso, Benjamín (Dahkki)
Materiálatiipa: Girji
Giella:espánnjágiella
Almmustuhtton: Salamanca Cortes Castilla León 2006
Fáttát:
Fáddágilkorat: Lasit fáddágilkoriid
Eai fáddágilkorat, Lasit vuosttaš fáddágilkora!

MARC

LEADER 00000nam a2200000 a 4500
001 UCG0679
003 CL-VaPUC
005 20220315074421.0
008 100401e20060000sp 1 spa d
020 |a 8487119182 
082 0 4 |a 340.11946  |b GON  |2 21 
100 |a González Alonso, Benjamín  |e author  |9 621520 
245 1 4 |a Las cortes y las leyes de Toro de 1505 
260 |a Salamanca  |b Cortes Castilla León  |c 2006 
300 |a 638 p 
583 |a last modification  |c 20190910 11:19:04  |k Rodrigo Vera 
650 0 0 |a Historia del derecho español  |9 621521 
650 0 0 |a Congresos  |9 257560 
651 0 |a España  |9 254926 
942 |c BK 
945 |a rbrito  |d 20100401 00:00:00 
546 |a En Español 
536 |a Cortes Castilla León 
518 |p Congreso conmemorativo del V Centenario de la celebración de las cortes y de la publicación de las leyes de Toro de 1505, 1, Toro, 7 a 19 de marzo de 2005 
999 |c 384498  |d 384496 
952 |0 0  |1 0  |4 0  |6 340_119460000000000_GON_2006  |7 0  |8 DER_HIS  |9 507279  |a BIBDER  |b BIBDER  |d 2020-01-23  |i 4656725  |o 340.11946 GON 2006  |p 4656725  |r 2023-01-25  |w 2020-01-23  |x Ubicación 4to Piso  |y BK  |z Estos recursos deben solicitarse con anticipación  |k DER